Catálogo público

Proyecto del módulo de bovinos lecheros / (Record no. 162977)

MARC details
000 -CABECERA
campo de control de longitud fija 00760nam a2200253Ia 4500
001 - NÚMERO DE CONTROL
campo de control Z_11
003 - IDENTIFICADOR DEL NÚMERO DE CONTROL
campo de control CHAP
005 - FECHA Y HORA DE LA ÚLTIMA TRANSACCIÓN
campo de control 20220920192757.0
008 - DATOS DE LONGITUD FIJA--INFORMACIÓN GENERAL
campo de control de longitud fija 220113s1986 xx 000 0 und d
010 ## - NÚMERO DE CONTROL DE LA BIBLIOTECA DEL CONGRESO
Número de control de LC 162977
040 ## - FUENTE DE LA CATALOGACIÓN
Centro/agencia transcriptor CHAP
090 ## - LOCALMENTE ASIGNADO TIPO-LC NÚMERO DE CLASIFICACIÓN (OCLC); NÚMERO DE CLASIFICACIÓN LOCAL (RLIN)
Número de clasificación (OCLC) (R) ; Numero de clasificación, CALL (RLIN) (NR) Folleto 31
100 ## - ENTRADA PRINCIPAL--NOMBRE DE PERSONA
Nombre de persona UACH. Departamento de Zootecnia
9 (RLIN) 137188
245 ## - MENCIÓN DE TÍTULO
Título Proyecto del módulo de bovinos lecheros /
Mención de responsabilidad, etc. por UACH. Departamento de Zootecnia
260 ## - PUBLICACIÓN, DISTRIBUCIÓN, ETC.
Lugar de publicación, distribución, etc. Chapingo, Méx. :
Nombre del editor, distribuidor, etc. Universidad Autónoma Chapingo; Departamento de Zootecnia,
Fecha de publicación, distribución, etc. 1986
300 ## - DESCRIPCIÓN FÍSICA
Extensión 33 p. + cuadros
503 ## - NOTA DE HISTORIA BIBLIOGRÁFICA (BK CF MU) [OBSOLETO]
Nota de historia bibliográfica ej.1: fotocopia \ ej.2: fotocopia
650 ## - PUNTO DE ACCESO ADICIONAL DE MATERIA--TÉRMINO DE MATERIA
Término de materia o nombre geográfico como elemento de entrada Ganado lechero
Subdivisión general Producción I. t.
9 (RLIN) 137189
901 ## - ELEMENTOS DE DATOS A LOCAL LDA (RLIN)
a FOLLETO 31
902 ## - ELEMENTOS DE DATOS B LOCAL, LDB (RLIN)
a M
910 ## - DATOS DE OPCIÓN DEL USUARIO (OCLC)
Datos de opción del usuario 1986
942 ## - ELEMENTOS DE PUNTO DE ACCESO ADICIONAL (KOHA)
Tipo de ítem Koha Folleto
Fuente del sistema de clasificación o colocación Clasificación Universidad Autónoma de Chapingo
942 ## - ELEMENTOS DE PUNTO DE ACCESO ADICIONAL (KOHA)
Tipo de ítem Koha Folleto
Fuente del sistema de clasificación o colocación Clasificación Universidad Autónoma de Chapingo
Holdings
Estado de retiro Estado de pérdida Fuente del sistema de clasificación o colocación Estado dañado No para préstamo Código de colección Localización permanente Ubicación/localización actual Ubicación en estantería Fecha de adquisición Total de préstamos Código de barras Fecha visto por última vez Número de copia Precio válido a partir de Tipo de ítem Koha
    Clasificación Universidad Autónoma de Chapingo     Folletos Zootecnia Zootecnia   13/11/2018   z_A1838 18/01/2022 1 18/01/2022 Folleto
    Clasificación Universidad Autónoma de Chapingo     Folletos Zootecnia Zootecnia   13/11/2018   z_A1839 18/01/2022 2 18/01/2022 Folleto